00392nam a2200181Ia 4500003000900000008004100009040001300050040001300063041000800076100001900084245004800103250000900151260001200160260000900172300001100181300001200192490000600204IT-RoPAU120407s9999 xx 000 0 und d aIT-RoPAU cIT-RoPAU aita aMario Canciani aLa ragione di fronte all’esistenza di Dio aRoma aColetti c1966 a238 p. c18,5 cm v1